[Event "danilopsv"]
[Site "http://www.queenalice.com/game.php?id=416538"]
[Date "2008.6.12"]
[Round "4"]
[White "danilopsv"]
[Black "fabianno"]
[Result "1/2-1/2"]
[WhiteElo "2026"]
[BlackElo "2006"]

1. c4 Nf6 2. d3 c5 3. Nc3 Nc6 4. Nf3 d6 5. g3 g6 6. Bg2 Bg7 7. O-O O-O 8. Bd2
Rb8 9. Qc1 a6 10. a4 Bd7 11. Bh6 Qc8 12. Bxg7 Kxg7 13. b3 Bh3 14. Qb2 Bxg2 15.
Kxg2 e5 16. Nd2 Nb4 17. Nde4 Qc6 18. Kg1 Nxe4 19. dxe4 Qd7 20. Rad1 Rbd8 21. Nd5
Nc6 22. e3 h5 23. f4 f6 24. f5 g5 25. Qe2 Kh6 26. Rd3 Ne7 27. Rfd1 Nc8 28. a5
Qc6 29. g4 h4 30. Kg2 Kg7 31. Qa2 Rf7 32. Kf3 Rh8 33. Nb6 Rd8 34. Nxc8 Qxc8 35.
Rxd6 Rxd6 36. Rxd6 Qc7 37. Rd5 b5 38. Qa3 b4 39. Qa4 Re7 40. h3 Kf7 41. Ke2 Kf8
42. Ke1 Kf7 1/2-1/2

[Event "Hi!"]
[Site "http://www.queenalice.com/game.php?id=430066"]
[Date "2008.7.9"]
[Round "-"]
[White "danilopsv"]
[Black "Homedepotov"]
[Result "1-0"]
[WhiteElo "2014"]
[BlackElo "1906"]

1. Nf3 Nf6 2. b3 d5 3. Bb2 Nc6 4. e3 e6 5. Be2 Be7 6. O-O O-O 7. d4 Bd7 8. c4
Ne4 9. Nbd2 Nxd2 10. Qxd2 Bf6 11. Ne5 Ne7 12. f4 g6 13. Rf3 Nf5 14. g4 Ng7 15.
cxd5 exd5 16. Nxd7 Qxd7 17. Rg3 Qe6 18. Bd3 Bh4 19. f5 Qe7 20. Rf3 gxf5 21. Bxf5
Nxf5 22. Rxf5 Bg5 23. Re5 Qd8 24. Qg2 c6 25. Qg3 f6 26. Rf5 Qe7 27. Re1 Qe4 28.
h4 Bh6 29. Ba3 Rf7 30. Qf3 Qxf3 31. Rxf3 Re8 32. Kf2 Bf8 33. Bc5 Bxc5 34. dxc5
Kg7 35. Rf4 Rfe7 36. Kf3 Re4 37. Rxe4 Rxe4 38. Rd1 h5 39. Rg1 Kh6 40. Rg2 Rb4
41. Rg1 Kg6 42. Rg2 Kh6 43. Rg1 Rb5 44. gxh5 Kxh5 45. Rg7 Kxh4 46. Kf4 Kh5 47.
Kf5 Kh6 48. Kxf6 Rb4 49. Re7 Kh5 50. Kf5 Kh4 51. e4 d4 52. e5 d3 53. Rd7 Rb5 54.
Rxd3 Rxc5 55. Kf6 1-0

[Event "TTT"]
[Site "http://www.queenalice.com/game.php?id=441477"]
[Date "2008.7.31"]
[Round "-"]
[White "BEBADO"]
[Black "danilopsv"]
[Result "1-0"]
[WhiteElo "2151"]
[BlackElo "2025"]

1. d4 Nf6 2. c4 e5 3. dxe5 Ng4 4. Nf3 Nc6 5. Bf4 Bb4+ 6. Nc3 Qe7 7. e3 Ngxe5 8.
Nxe5 Nxe5 9. Rc1 O-O 10. a3 Bxc3+ 11. Rxc3 b6 12. Qd5 Nc6 13. Bxc7 Bb7 14. Bd6
Qe6 15. Qxe6 dxe6 16. Bxf8 Kxf8 17. Be2 Ne5 18. O-O Ke7 19. Rd1 Rc8 20. f4 Nd7
21. b4 Nf6 22. Rcc1 Ba6 23. b5 1-0

[Event "AUTO-MASTER-598"]
[Site "http://www.queenalice.com/game.php?id=455673"]
[Date "2008.8.30"]
[Round "1"]
[White "jsm"]
[Black "danilopsv"]
[Result "1/2-1/2"]
[WhiteElo "2167"]
[BlackElo "2062"]

1. Nf3 Nc6 2. d4 d5 3. c4 Bg4 4. e3 e6 5. a3 Nf6 6. h3 Bh5 7. Nc3 Be7 8. Be2 O-O
9. O-O a6 10. b4 b5 11. cxb5 axb5 12. Nxb5 Nxb4 13. Bd2 Na6 14. Ne5 Bxe2 15.
Qxe2 c5 16. Nc6 Qd7 17. Nxe7+ Qxe7 18. dxc5 Ne4 19. c6 Nxd2 20. Qxd2 Rfc8 21.
Rfc1 Nc5 22. Nd4 Ra4 23. Qc2 Rc4 24. Qb1 Rxc1+ 25. Qxc1 e5 26. Nf5 Qf8 27. Qc3
g6 28. Nh6+ Kg7 29. Ng4 f6 30. Rc1 Ne4 31. Qb3 Qd6 32. Qb7+ Rc7 33. Qb4 d4 34.
f3 Qxb4 35. axb4 Nc3 36. Kf1 h5 37. exd4 exd4 38. Nf2 Rxc6 39. Ne4 Rb6 40. Nxc3
dxc3 1/2-1/2

[Event "AUTO-MASTER-598"]
[Site "http://www.queenalice.com/game.php?id=455674"]
[Date "2008.8.30"]
[Round "1"]
[White "danilopsv"]
[Black "jsm"]
[Result "1/2-1/2"]
[WhiteElo "2044"]
[BlackElo "2145"]

1. d4 d5 2. c4 e5 3. dxe5 d4 4. Nf3 Nc6 5. a3 Be6 6. e3 dxe3 7. Qxd8+ Rxd8 8.
Bxe3 Nge7 9. Be2 Ng6 10. Nbd2 a6 11. O-O Be7 12. b4 O-O 13. Rfd1 Ncxe5 14. c5
Bf6 15. Rac1 Nd3 16. Bxd3 Rxd3 17. Ne4 Rxd1+ 18. Rxd1 Be7 19. Nfg5 Bc8 20. Nc3
h6 21. Nge4 Rd8 22. Rxd8+ Bxd8 23. f3 Be6 24. Ne2 Kf8 25. Nd4 Bc8 26. Kf2
1/2-1/2

[Event "AUTO-MASTER-598"]
[Site "http://www.queenalice.com/game.php?id=455687"]
[Date "2008.8.30"]
[Round "1"]
[White "danilopsv"]
[Black "razoman"]
[Result "1-0"]
[WhiteElo "2014"]
[BlackElo "1946"]

1. e4 c5 2. Nf3 Nc6 3. Bc4 e6 4. d4 cxd4 5. Nxd4 a6 6. O-O Bc5 7. Be3 Bxd4 8.
Bxd4 Nxd4 9. Qxd4 Nf6 10. Nc3 O-O 11. e5 Ne8 12. Ne4 b5 13. Bb3 Bb7 14. Nd6 Bc6
15. Rfe1 Qg5 16. Ne4 Qg6 17. Re3 Rc8 18. Rae1 Bxe4 19. Rxe4 h5 20. c3 f5 21. Rf4
Rf7 22. Rd1 Re7 23. Qa7 Nc7 24. Qb7 Qe8 25. Rxf5 Kh8 26. Rxh5+ Qxh5 27. Qxc8+
Ne8 28. Qc5 d5 29. Qxe7 1-0

[Event "AUTO-MASTER-598"]
[Site "http://www.queenalice.com/game.php?id=455688"]
[Date "2008.8.30"]
[Round "1"]
[White "razoman"]
[Black "danilopsv"]
[Result "0-1"]
[WhiteElo "1958"]
[BlackElo "2031"]

1. e4 g6 2. d4 Bg7 3. c3 d6 4. h3 Nf6 5. Bd3 O-O 6. Nf3 e5 7. Bg5 Nbd7 8. O-O c6
9. Nbd2 Qc7 10. Rc1 b5 11. Nh2 Nh5 12. Ng4 exd4 13. cxd4 Bxd4 14. Bxb5 Bb7 15.
Rc2 Qb6 16. Nb3 cxb5 17. Nxd4 Bxe4 18. Rc1 Nc5 19. Nf6+ Nxf6 20. Bxf6 d5 21. Be7
Rfc8 22. Bxc5 Rxc5 23. Rxc5 Qxc5 24. Qd2 Rc8 25. b3 b4 26. Rd1 Qc3 27. Qg5 Qb2
28. Rd2 Qc1+ 29. Kh2 Bb1 30. Ne2 Qc7+ 31. f4 Be4 32. Ng3 Qc3 33. Nxe4 dxe4 34.
Rd8+ Rxd8 35. Qxd8+ Kg7 36. Qe7 e3 37. Qe4 Kf6 38. Kg1 h6 39. Kf1 Qc1+ 40. Ke2
Qd2+ 41. Kf3 Qf2+ 0-1

[Event "AUTO-MASTER-598"]
[Site "http://www.queenalice.com/game.php?id=455689"]
[Date "2008.8.30"]
[Round "1"]
[White "danilopsv"]
[Black "alexsoncini"]
[Result "1-0"]
[WhiteElo "2048"]
[BlackElo "2005"]

1. c4 e6 2. d4 d5 3. Nf3 c6 4. e3 Bd6 5. Nc3 f5 6. Be2 Nf6 7. O-O Nbd7 8. Bd2
O-O 9. a3 Ne4 10. b4 g5 11. Nxe4 fxe4 12. Ne1 Nf6 13. b5 cxb5 14. c5 Bb8 15.
Bxb5 Qc7 16. g3 e5 17. Nc2 Bh3 18. Re1 Ng4 19. Bf1 Nxf2 20. Qh5 Bxf1 21. Rxf1
Qf7 22. Qxf7+ Rxf7 23. Rxf2 exd4 24. Rxf7 Kxf7 25. Rf1+ Ke7 26. Nxd4 b6 27. cxb6
axb6 28. Bb4+ Ke8 29. Rf8+ Kd7 30. Rf7+ Ke8 31. Rxh7 Kd8 32. Nc6+ Kc8 33. Rh8+
1-0

[Event "AUTO-MASTER-598"]
[Site "http://www.queenalice.com/game.php?id=455690"]
[Date "2008.8.30"]
[Round "1"]
[White "alexsoncini"]
[Black "danilopsv"]
[Result "0-1"]
[WhiteElo "2042"]
[BlackElo "2070"]

1. d4 Nf6 2. Nc3 d5 3. Bf4 Bf5 4. e3 e6 5. Bd3 Bxd3 6. cxd3 Be7 7. Nf3 O-O 8.
O-O c6 9. Qb3 Qb6 10. Qxb6 axb6 11. e4 Bb4 12. e5 Nfd7 13. a3 Be7 14. b4 b5 15.
Bg5 f6 16. exf6 gxf6 17. Bh6 Re8 18. Rfe1 Kf7 19. Bf4 Nf8 20. h4 Nbd7 21. Kh2
Ra7 22. g4 Rea8 23. Bc1 Bxb4 24. Bb2 Bxa3 25. Bxa3 Rxa3 26. Rxa3 Rxa3 27. Nb1
Rxd3 28. Kg2 Nb6 29. g5 Nc4 30. gxf6 Kxf6 31. h5 b4 32. Re2 Nd7 33. Ra2 Na3 34.
Nxa3 bxa3 35. Ne1 Rxd4 36. Rxa3 Rh4 37. Ra7 Nc5 38. Ra5 Na6 39. Nf3 Rxh5 40. Nd4
Rg5+ 41. Kf3 c5 42. Nb3 h5 43. Nxc5 Nxc5 44. Rxc5 h4 45. Rc8 Rh5 46. Kg4 Rh7 47.
Kh3 Ke5 48. Re8 d4 49. f4+ Kxf4 50. Rxe6 d3 51. Rf6+ Ke3 52. Re6+ Kd2 53. Rb6
Kc1 0-1

[Event "Challenge"]
[Site "http://www.queenalice.com/game.php?id=463358"]
[Date "2008.9.14"]
[Round "-"]
[White "ORNELAS"]
[Black "danilopsv"]
[Result "0-1"]
[WhiteElo "1733"]
[BlackElo "2027"]

1. b3 d5 2. e3 e5 3. Bb2 Nc6 4. g3 Bf5 5. Bg2 Qd7 6. d4 exd4 7. exd4 O-O-O 8.
Ne2 f6 9. O-O Nb4 10. a3 Na6 11. Nd2 Ne7 12. Nf4 g5 13. Nh5 Bg4 14. Qe1 Bxh5 15.
b4 Bg7 16. c4 Bf7 17. c5 c6 18. h3 h5 19. Nb3 Rde8 20. Na5 Be6 21. a4 Bxh3 22.
Qc3 Bxg2 23. Kxg2 h4 24. Rh1 hxg3 25. fxg3 Qg4 26. Qd2 Nf5 27. Raf1 Qxg3# 0-1

[Event "AUTO-ADV-901"]
[Site "http://www.queenalice.com/game.php?id=471052"]
[Date "2008.10.1"]
[Round "2"]
[White "Andreu"]
[Black "danilopsv"]
[Result "0-1"]
[WhiteElo "1831"]
[BlackElo "2085"]

1. e4 e5 2. Nf3 Nc6 3. Bc4 Nf6 4. O-O Nxe4 5. d3 d5 6. Bb5 Nd6 7. Bxc6+ bxc6 8.
Nxe5 Be6 9. Nxc6 Qf6 10. Nc3 Kd7 11. Nb4 c6 12. Bd2 a5 13. a3 axb4 14. axb4 Be7
15. Na4 Kc7 16. b3 Qg6 17. g3 Bf6 18. Rc1 Nb5 19. c4 Nd4 20. Nc5 Bh3 21. Bf4+
Kd8 22. f3 Bxf1 23. Ra1 Ne2+ 24. Kxf1 Rxa1 0-1

[Event "AUTO-ADV-901"]
[Site "http://www.queenalice.com/game.php?id=471053"]
[Date "2008.10.1"]
[Round "2"]
[White "danilopsv"]
[Black "Andreu"]
[Result "1-0"]
[WhiteElo "2091"]
[BlackElo "1743"]

1. d4 d5 2. c4 e6 3. Nc3 Bb4 4. Bd2 Nc6 5. e3 Nf6 6. Nf3 O-O 7. a3 Be7 8. Be2
Bd6 9. O-O e5 10. Nxd5 exd4 11. Nxd4 Nxd5 12. cxd5 Nxd4 13. exd4 Qh4 14. g3 Qxd4
15. Bc3 Qe4 16. Bf3 Qf5 17. Qd4 f6 18. Be4 Qh5 19. Rfe1 Bf5 20. Rad1 Be5 21. Qd3
Bxe4 22. Rxe4 Rfe8 23. Rh4 Qg6 24. Qc4 Kh8 25. Bxe5 fxe5 26. Qxc7 Rac8 27. Qxb7
Rc2 28. Qxa7 Rxb2 29. Qe3 Qd6 30. Qe4 h6 31. Qa4 Rf8 32. Rf1 Qxd5 33. Qc4 Qf3
34. Qc5 Rfb8 35. Qxe5 Rb1 36. Rxh6+ Kg8 37. Qe6+ Qf7 38. Rh8+ 1-0

[Event "AUTO-ADV-901"]
[Site "http://www.queenalice.com/game.php?id=471054"]
[Date "2008.10.1"]
[Round "2"]
[White "carbon"]
[Black "danilopsv"]
[Result "1-0"]
[WhiteElo "2209"]
[BlackElo "2098"]

1. e4 g6 2. d4 Bg7 3. Nc3 d6 4. f4 Nf6 5. Nf3 O-O 6. Bd3 Bg4 7. h3 Bxf3 8. Qxf3
Nbd7 9. Be3 e5 10. dxe5 dxe5 11. f5 c6 12. O-O-O Qc7 13. g4 b5 14. Ne2 Rfd8 15.
Ng3 Qa5 16. Kb1 Nb6 17. g5 Ne8 18. fxg6 fxg6 19. Qg4 Nc7 20. h4 Qb4 21. Bd2 Qe7
22. h5 Qe6 23. Qh4 Nc4 24. Bc1 Bf8 25. hxg6 Qxg6 26. Nh5 1-0

[Event "AUTO-ADV-901"]
[Site "http://www.queenalice.com/game.php?id=471055"]
[Date "2008.10.1"]
[Round "2"]
[White "danilopsv"]
[Black "carbon"]
[Result "1/2-1/2"]
[WhiteElo "2086"]
[BlackElo "2225"]

1. c4 e5 2. d3 Nc6 3. Nf3 g6 4. g3 Bg7 5. Nc3 f5 6. Bg2 Nf6 7. Bg5 h6 8. Bd2 g5
9. Qc2 d6 10. a3 Be6 11. h4 g4 12. Nh2 d5 13. cxd5 Nxd5 14. O-O Qd7 15. Nxd5
Bxd5 16. Bc3 Bxg2 17. Kxg2 O-O-O 18. Rac1 Kb8 19. Rfd1 f4 20. e4 h5 21. b4 Rhf8
22. b5 Ne7 23. Bb4 Rf7 24. a4 Bf6 25. Qc4 Ng6 26. Nf1 fxg3 27. fxg3 Bxh4 28. Be1
Bg5 29. Rc2 h4 30. Rf2 Rxf2+ 31. Bxf2 hxg3 32. Nxg3 Nh4+ 33. Kf1 Nf3 34. Ke2
Nd4+ 35. Bxd4 Qxd4 36. Qxd4 Rxd4 37. Rh1 b6 38. Rh8+ Kb7 39. Rg8 Bf4 40. Nh5 Bh2
41. Rxg4 Rxa4 42. Rg2 Ra1 43. Kf2 Ra2+ 44. Kf3 Rxg2 45. Kxg2 Bf4 46. Nxf4 exf4
47. Kf3 c6 48. bxc6+ Kxc6 49. Kxf4 a5 50. Ke3 a4 51. Kd2 b5 1/2-1/2

[Event "Amistoso"]
[Site "http://www.queenalice.com/game.php?id=477969"]
[Date "2008.10.16"]
[Round "-"]
[White "danilopsv"]
[Black "chefesquash"]
[Result "1-0"]
[WhiteElo "2066"]
[BlackElo "1106"]

1. d4 Nf6 2. c4 d5 3. Nc3 c5 4. cxd5 Nxd5 5. dxc5 Be6 6. e4 Nxc3 7. Qxd8+ Kxd8
8. bxc3 Nc6 9. Bb5 Kc7 10. Bf4+ Kc8 11. Ne2 g6 12. Nd4 Nxd4 13. cxd4 Bg7 14. Rc1
Bxd4 15. c6 b6 16. Ba6+ Kd8 17. Rd1 f6 18. Rxd4+ Ke8 19. O-O Kf7 20. c7 h5 21.
Rc1 g5 22. Bd2 Bc8 23. Bb5 Bb7 24. Bb4 a6 25. Bc4+ Ke8 26. Be6 1-0

[Event "Amistoso 2"]
[Site "http://www.queenalice.com/game.php?id=477971"]
[Date "2008.10.16"]
[Round "-"]
[White "chefesquash"]
[Black "danilopsv"]
[Result "0-1"]
[WhiteElo "1104"]
[BlackElo "2068"]

1. e4 d5 2. e5 c5 3. c3 Nc6 4. d4 e6 5. Nf3 Bd7 6. Bb5 a6 7. Bxc6 bxc6 8. O-O
Qb6 9. a3 cxd4 10. cxd4 c5 11. Nc3 g6 12. h3 Bg7 13. Na4 Qc6 14. Nxc5 Ne7 15.
Bg5 Nf5 16. g4 Ne7 17. Bxe7 Kxe7 18. Nd2 Rhb8 19. Ndb3 Be8 20. f4 Qb6 21. a4 Qb4
22. Qe1 Qc4 23. Qc3 a5 24. f5 Bh6 25. f6+ Kf8 26. Nd2 Qxc3 27. bxc3 Bxd2 28. h4
Bxc3 29. Rad1 Rb4 30. Rf4 Bxa4 31. Rc1 Bd2 32. Rcf1 Bxf4 33. Rxf4 Bd1 34. Kf2
Rb2+ 35. Ke1 Rb1 0-1

[Event "AUTO-MASTER-598"]
[Site "http://www.queenalice.com/game.php?id=504527"]
[Date "2008.12.7"]
[Round "2"]
[White "GMcruz"]
[Black "danilopsv"]
[Result "1-0"]
[WhiteElo "2088"]
[BlackElo "2102"]

1. d4 Nf6 2. c4 e5 3. dxe5 Ng4 4. e4 Nxe5 5. f4 Bb4+ 6. Nc3 Ng6 7. Be3 O-O 8.
Nf3 d6 9. Bd3 Nc6 10. O-O b6 11. Nd5 Bc5 12. Qd2 Bb7 13. Rae1 Re8 14. f5 Nge5
15. f6 Nxd3 16. Qxd3 Ne5 17. Nxe5 Rxe5 18. Bxc5 Bxd5 19. Bd4 Be6 20. Bxe5 dxe5
21. Qxd8+ Rxd8 22. Rd1 Rd4 23. b3 Bg4 24. Rxd4 exd4 25. h3 Be6 26. e5 c5 27. Kf2
a5 28. g4 g6 29. Kf3 h6 30. Ke4 Kf8 31. Kd3 Ke8 32. a3 Kd7 33. b4 axb4 34. axb4
h5 35. gxh5 gxh5 36. h4 Kc6 37. Rg1 Bf5+ 38. Kd2 Kd7 39. Rg5 Bg4 40. bxc5 bxc5
41. Rg8 Be6 42. Rg5 Bg4 43. Rg8 Be6 44. Rh8 Bg4 45. Rf8 Be6 46. Rh8 Bg4 47. Kc2
Bf5+ 48. Kb3 Bg4 49. Ra8 Be6 50. Ra7+ Kc6 51. Re7 1-0

[Event "AUTO-MASTER-598"]
[Site "http://www.queenalice.com/game.php?id=504528"]
[Date "2008.12.7"]
[Round "2"]
[White "danilopsv"]
[Black "GMcruz"]
[Result "1-0"]
[WhiteElo "2088"]
[BlackElo "2070"]

1. c4 c6 2. Nc3 d5 3. d4 e5 4. dxe5 d4 5. Ne4 Qa5+ 6. Bd2 Qxe5 7. Ng3 Nf6 8. Nf3
Qd6 9. e3 dxe3 10. Bxe3 Qxd1+ 11. Rxd1 Be7 12. h3 O-O 13. Bd3 h6 14. O-O c5 15.
Ne4 Nbd7 16. Rfe1 Re8 17. Nc3 a6 18. Rd2 Bf8 19. Rde2 Ne5 20. Nxe5 Rxe5 21. Bf4
Rxe2 22. Bxe2 Be6 23. Bf3 Bxc4 24. Bxb7 Re8 25. Rxe8 Nxe8 26. g4 Nd6 27. Bc6 Nb5
28. Nxb5 Bxb5 29. Bxb5 axb5 30. b3 f6 31. a4 bxa4 32. bxa4 c4 33. a5 c3 34. Kf1
Kf7 35. Ke2 Ke6 36. Kd3 Kd5 37. a6 Kc6 38. a7 Kb7 39. Be3 Bb4 40. h4 Ba5 41. h5
Bb4 42. Bd4 Ba5 43. Bxc3 Bc7 44. Bd4 1-0

[Event "AUTO-MASTER-598"]
[Site "http://www.queenalice.com/game.php?id=504529"]
[Date "2008.12.7"]
[Round "2"]
[White "GMkozakov"]
[Black "danilopsv"]
[Result "1-0"]
[WhiteElo "2401"]
[BlackElo "2087"]

1. d4 Nf6 2. c4 c5 3. d5 e6 4. Nc3 exd5 5. Nxd5 Nxd5 6. cxd5 d6 7. e4 g6 8. Bb5+
Bd7 9. Bxd7+ Nxd7 10. Ne2 Bg7 11. O-O O-O 12. Bf4 Ne5 13. Qc2 b5 14. Rab1 Qd7
15. Bxe5 Bxe5 16. f4 Bf6 17. Rbd1 Rfe8 18. f5 Bg5 19. fxg6 hxg6 20. Rf3 Re7 21.
Rdf1 Rae8 22. Ng3 Bh4 23. Qf2 c4 24. Rf4 Bg5 25. Rf3 a5 26. e5 Rxe5 27. Rxf7
R8e7 28. Rf8+ Kh7 29. Qf3 Re3 30. Qf2 Rd3 31. Ne4 Be3 32. Qxe3 Rxe3 33. Nf6+ Kg7
34. Nxd7 Rxd7 35. Ra8 Rd3 36. Rxa5 Rxd5 37. a4 Rb7 38. Rc1 Rc5 39. Ra1 d5 40. g4
Kf6 41. h4 Rb6 42. Kf2 d4 43. Re1 Rd5 44. g5+ Kf7 45. Ra7+ Kf8 46. a5 Rf5+ 47.
Kg3 Rd6 48. Ra8+ Kg7 49. a6 Rf8 50. Re7+ Kg8 51. Rxf8+ Kxf8 52. a7 Kxe7 53. a8=Q
d3 54. Qb7+ Kd8 55. Qb8+ Ke7 56. Qa7+ Ke6 57. Qe3+ Kd7 58. Qd2 b4 59. Qxb4 d2
60. Qa4+ Ke6 61. Qxc4+ Kf5 62. Qf7+ Ke5 63. Qe7+ Kd5 64. Qe2 1-0

[Event "AUTO-MASTER-598"]
[Site "http://www.queenalice.com/game.php?id=504530"]
[Date "2008.12.7"]
[Round "2"]
[White "danilopsv"]
[Black "GMkozakov"]
[Result "0-1"]
[WhiteElo "2092"]
[BlackElo "2388"]

1. d4 Nf6 2. c4 e6 3. Nc3 Bb4 4. g3 c5 5. a3 Bxc3+ 6. bxc3 Qa5 7. Bd2 Nc6 8. Nf3
d6 9. Bg2 O-O 10. O-O e5 11. d5 Ne7 12. Qc2 Bf5 13. Qb3 Ng6 14. Ne1 Rab8 15. Nd3
b5 16. f3 Bd7 17. Rfb1 bxc4 18. Qxc4 Rxb1+ 19. Rxb1 Qxa3 20. f4 exf4 21. Nxf4
Ne5 22. Qb3 Qxb3 23. Rxb3 a5 24. Bc1 a4 25. Rb1 Ra8 26. e4 a3 27. Ra1 a2 28. Kf2
g5 0-1

[Event "Challenge"]
[Site "http://www.queenalice.com/game.php?id=943365"]
[Date "2011.5.27"]
[Round "-"]
[White "alfredo"]
[Black "danilopsv"]
[Result "1/2-1/2"]
[WhiteElo "2013"]
[BlackElo "2084"]

1. d4 Nf6 2. c4 d5 3. Nc3 e6 4. Nf3 Be7 5. Bf4 O-O 6. e3 Nbd7 7. Qc2 a6 8. Bd3
dxc4 9. Bxc4 b5 10. Bd3 Bb7 11. O-O c5 12. dxc5 Nxc5 13. Rfd1 Qb6 14. Be2 Rac8
15. Rac1 Nce4 16. Qb3 Nxc3 17. Rxc3 Bd5 18. Qc2 Rxc3 19. Qxc3 h6 20. Rc1 Ra8 21.
Qc7 Qxc7 22. Rxc7 Bd8 23. Rc2 Bxa2 24. Nd4 Bb1 25. Rc1 Be4 26. Be5 Nd5 27. Ra1
Nb4 28. Bd6 Nd3 29. f3 Bg6 30. b4 Bb6 31. Ra3 Nc1 32. Bf1 Rd8 33. Bc5 Bxc5 34.
bxc5 Rc8 35. Rxa6 Rxc5 36. Nxb5 Nb3 37. Nd6 Nd2 38. Bb5 e5 39. Ra8+ 1/2-1/2